| 000 | 02155nam0a2200385 4500 | ||
|---|---|---|---|
| 001 | RU\NLR\bibl\1858269 | ||
| 005 | 20260407213411.0 | ||
| 010 |
_a978-5-317-03827-4 _9300 |
||
| 021 |
_aRU _b2011-102564 _97337 |
||
| 035 | _a(NLR Aleph) 001848187 | ||
| 090 |
_a2365277 _c2365277 |
||
| 100 | _a20120119d2011 |||y0rusy50 ca | ||
| 101 | 0 | _arus | |
| 102 | _aRU | ||
| 105 | _aa ||||||||| | ||
| 200 | 1 |
_aТеория и практика инновационной экономики _eмонография _f[Батукова Л.Р., к.э.н., доц., Воловик М.В., Киселева С.П., к.э.н., доц. и др. _gнауч. ред.: д.э.н., проф. А.Н. Ларионов] _gООО "Науч.-исслед. центр "Стратегия" |
|
| 210 |
_aМосква _cМАКС Пресс _d2011 |
||
| 215 |
_a234, [1] с. _cил. _d21 |
||
| 300 | _aАвт. указаны на 5-й с. | ||
| 320 | _aБиблиогр. в конце кн. (125 назв.) и в подстроч. примеч. | ||
| 606 | 1 |
_aИнновационная деятельность _xТеория _92534330 _3RU\NLR\auth\661500946 |
|
| 606 | 1 |
_aИнновационная деятельность _yРоссийская Федерация _92101842 _3RU\NLR\auth\661271084 |
|
| 686 | _aУ010.036 | ||
| 686 | _aУ9(2)-55(2Р) | ||
| 701 | 1 |
_aБатукова _bЛ. Р. _gЛуиза Рихардовна _4070 |
|
| 701 | 1 |
_aВоловик _bМ. В. _4070 |
|
| 701 | 1 |
_4070 _8rus _7ca _aКиселева _bС. П. _cд-р экон. наук _f1979- _gСветлана Петровна _3RU\NLR\AUTH\77108964 _991889 |
|
| 702 | 1 |
_4340 _8rus _7ca _aЛарионов _bА. Н. _f1960- _cд-р экон. наук _gАркадий Николаевич _3RU\NLR\auth\7746473 _929408 |
|
| 712 | 0 | 2 |
_4570 _a"Стратегия", научно-исследовательский центр _cМосква _3RU\NLR\AUTH\8810142891 _9780401 |
| 801 | 0 |
_aRU _bNLR _c20120119 _gRCR |
|
| 801 | 1 |
_aRU _bNLR _c20120119 |
|
| 942 | _cBOOK | ||
| 980 | _aNB | ||
| 980 | _aNBR | ||